书目信息 |
| 题名: |
本科教学质量工程建设与探索
|
|
| 作者: | 杜伟 , 张子照 主编 | |
| 分册: | ||
| 出版信息: | 北京 科学出版社 2010 |
|
| 页数: | 230页 | |
| 开本: | 24cm | |
| 丛书名: | ||
| 单 册: | ||
| 中图分类: | G658.3 | |
| 科图分类: | ||
| 主题词: | 高等师范教育--教育质量--研究--四川省 , 高等师范教育 , 教育质量 | |
| 电子资源: | ||
| ISBN: | 978-7-03-027386-4 | |
| 000 | 00996nam0 2200265 45 | |
| 001 | 1138484844 | |
| 005 | 20110419095518.28 | |
| 010 | @a978-7-03-027386-4@dCNY45.00 | |
| 100 | @a20110409d2010 em y0chiy0110 ea | |
| 101 | 0 | @achi |
| 102 | @aCN@b110000 | |
| 105 | @ay z 000yy | |
| 106 | @ar | |
| 200 | 1 | @a本科教学质量工程建设与探索@ABen Ke Jiao Xue Zhi Liang Gong Cheng Jian She Yu Tan Suo@f杜伟,张子照主编@FDu Wei, Zhang Zi Zhao Zhu Bian |
| 210 | @a北京@c科学出版社@d2010 | |
| 215 | @a230页@d24cm | |
| 330 | @a本书汇集了国家质量工程实施以来四川师范大学在国家级项目教学成果奖、人才培养模式创新实验区、教学团队、特色专业、精品课程、双语教学示范课程、实验教学示范中心等方面的改革与思考,共计19篇。 | |
| 606 | 0 | @a高等师范教育@x教育质量@x研究@y四川省 |
| 606 | 0 | @a高等师范教育 |
| 606 | 0 | @a教育质量 |
| 690 | @aG658.3@v4 | |
| 701 | 0 | @a杜伟@ADu Wei@c(企业管理)@4主编 |
| 701 | 0 | @a张子照@AZhang Zi Zhao@4主编 |
| 801 | 0 | @aCN@bTANGWEI@c20110419 |
| 905 | @b0536133-35@dG658.3@e100@f3 | |
| 本科教学质量工程建设与探索/杜伟,张子照主编.-北京:科学出版社,2010 |
| 230页;24cm |
| ISBN 978-7-03-027386-4:CNY45.00 |
| 本书汇集了国家质量工程实施以来四川师范大学在国家级项目教学成果奖、人才培养模式创新实验区、教学团队、特色专业、精品课程、双语教学示范课程、实验教学示范中心等方面的改革与思考,共计19篇。 |
| ● |
| 相关链接 |
|
|
|
|
正题名:本科教学质量工程建设与探索
索取号:G658.3/100
 
预约/预借
| 序号 | 登录号 | 条形码 | 馆藏地/架位号 | 状态 | 备注 |
| 1 | 0536133 | 205361339 | 第一样本阅览室/ [索取号:G658.3/100] | 在馆 | |
| 2 | 0536134 | 205361348 | 第四借阅区/ [索取号:G658.3/100] | 在馆 | |
| 3 | 0536135 | 205361357 | 第四借阅区/ [索取号:G658.3/100] | 在馆 |